Statistics for Belgian Footballers A-Z

Click here to take the quiz!

General Stats

  • This quiz has been taken 110 times
    (52 since last reset)
  • The average score is 16 of 28

Answer Stats

LetterHintPlayer% Correct
CBest goalkeeper at the 2018 FIFA World CupThibaut Courtois
98%
DeBMidfielder who plays for Manchester City since 2015Kevin de Bruyne
96%
LBelgium's all-time top goalscorerRomelu Lukaku
96%
HAt the 2018 World Cup, he captained Belgium to third placeEden Hazard
90%
VDefender and the most capped player in the history of BelgiumJan Vertonghen
88%
ADefender who played for Tottenham Hotspur from 2015 to 2021Toby Alderweireld
88%
KDefender who played for Manchester City from 2008 to 2019Vincent Kompany
81%
MWinger who played for Napoli from 2013 to 2022Dries Mertens
79%
FBorn to Moroccan parents and played for Manchester UnitedMarouane Fellaini
77%
OStriker who played for Lille, Liverpool and AC MilanDivock Origi
73%
TMidfielder who played for Anderlecht, Monaco and Leicester CityYouri Tielemans
73%
WMidfielder who played for Standard, Zenit and Borussia DortmundAxel Witsel
71%
VanBDefender who played for Marseille, Hamburger SV and Bayern MunichDaniel van Buyten
67%
DMidfielder who played for Tottenham Hotspur from 2012 to 2019Mousa Dembele
67%
VDefender who played for Ajax, Arsenal and BarcelonaThomas Vermaelen
63%
NMidfielder who played for Piacenza, Cagliari, Roma and Inter MilanRadja Nainggolan
58%
Van derEDefensive midfielder who played for Club Bruge from 1984 to 1999Franky van der Elst
48%
PBest goalkeeper at the 1994 FIFA World CupMichel Preud'homme
48%
PStarting goalkeeper at the 1982 and 1986 FIFA World CupsJean-Marie Pfaff
42%
SMidfielder who played for Belgium in the 1986-1998 World CupsEnzo Scifo
31%
CBelgium's captain at the 1986 FIFA World CupJan Ceulemans
31%
NStriker who played for Anderlecht and PSV from 1986 to 2000Luc Nilis
29%
VanHForward who also coached the team at the 1994 FIFA World CupPaul Van Himst
29%
GRight-back who played at 1982, 1986 and 1990 FIFA World CupsEric Gerets
23%
GDefender who played for Anderlecht and Parma from 1982 to 1996Georges Grün
21%
DStriker who played at 1990 and 1994 FIFA World CupsMarc Degryse
13%
JWinger who played 64 matches for Belgium from 1955 to 1967Armand Jurion
8%
RDefender who played 55 matches for Belgium from 1976 to 1987Michael Renquin
4%

Score Distribution

Percentile by Number Answered

Percent of People with Each Score

Your Score History

You have not taken this quiz since the last reset